000 008280000a22002410004500
090 _aAR
_b00166
245 1 0 _aEcología: gremios de murciélagos forrajeadores de nectar-polén en un bosque de galería de la serranía La Macarena, Colombia
500 _aCID tiene revista original
650 1 4 _aFauna
_992594
650 1 4 _aMurciélagos
_92659
650 1 4 _aMamíferos
_992510
650 1 4 _aFrugívoros
_993040
650 1 4 _aPolinívoros
_992980
650 1 4 _aInsectívoros
_993041
650 1 4 _aEcología
_992250
651 4 _lParque Nacional Natural Serranía de La Macarena
_dMeta
_pColombia
_992749
041 0 _aEspañol
700 1 _aRangel Ch., J. Orlando
_992819
700 1 _aCadena G., Alberto
_96445
100 1 _aMuñoz Saba, Yaneth
_94274
942 _cARTICULO
773 1 _tCaldasia
_345
_h82-85
_q459-461
_d1995
_g17
999 _c9267
_d9267